| 000 | 00530nam a22002057a 4500 | ||
|---|---|---|---|
| 003 | OSt | ||
| 005 | 20220107122732.0 | ||
| 008 | 140405b xxu||||| |||| 00| 0 eng d | ||
| 020 | _a9789351101413 | ||
| 040 | _cIIITM-K | ||
| 082 | _a006.7 SAF/M | ||
| 100 |
_aSaffer, Dan _93463 |
||
| 245 |
_aMicrointeractions _cby Dan Saffer |
||
| 260 |
_aMumbai, _bO'Reilly, _c2013. |
||
| 300 | _axiii, 151p. | ||
| 650 |
_aCOMPUTER SCIENCE _93464 |
||
| 650 |
_aCOMPUTER NETWORKS _93465 |
||
| 650 |
_aMICROINTERACTIONS _93466 |
||
| 942 |
_2ddc _cBK |
||
| 999 |
_c3666 _d3666 |
||